000
00292nam a22001337a 4500
008
171030b xxu||||| |||| 00| 0 eng d
020
_a
9780256173291
041
_a
eng
080
_2
5 ED
_a
336
100
_a
56
101
_a
FIN
245
_a
PUBLIC FINANCE
_c
ROSEN.H.S
942
_2
udc
_c
BK
999
_c
36335
_d
36335